The new retail rule book (Record no. 83894)
[ view plain ]
| 000 -LEADER | |
|---|---|
| fixed length control field | 01022cab a22001935a 4500 |
| 001 - CONTROL NUMBER | |
| control field | L155670 |
| 008 - FIXED-LENGTH DATA ELEMENTS--GENERAL INFORMATION | |
| fixed length control field | 120402s2012 xxk 000 0 eng d |
| 035 ## - SYSTEM CONTROL NUMBER | |
| System control number | (Sirsi) u155670 |
| 041 0# - LANGUAGE CODE | |
| Language code of text/sound track or separate title | eng |
| 110 2# - MAIN ENTRY--CORPORATE NAME | |
| Corporate name or jurisdiction name as entry element | Jones Lang LaSalle |
| 9 (RLIN) | 3755 |
| 245 04 - TITLE STATEMENT | |
| Title | The new retail rule book |
| Remainder of title | five key lessons for the retail future? March 2012 |
| Medium | [electronic resource] |
| 260 ## - PUBLICATION, DISTRIBUTION, ETC. | |
| Place of publication, distribution, etc. | [S.l.] |
| Name of publisher, distributor, etc. | JLL |
| Date of publication, distribution, etc. | 2012 |
| 520 ## - SUMMARY, ETC. | |
| Summary, etc. | Insights into the next decade of retail strategy in New Zealand modelled on JLL EMEA's "Retail 2020" report. It outlines an action plan: 1. Approach technology as a mindset, not merely a tool; 2. Sustainability is a big risk, but also opportunity, for retail investors; 3. Upskill, partner and diversify to survive; 4. Get them and keep them; 5. Quality (or true convenience) will out. |
| 590 ## - LOCAL NOTE (RLIN) | |
| Local note | KA |
| 651 #4 - SUBJECT ADDED ENTRY--GEOGRAPHIC NAME | |
| Geographic name | New Zealand |
| 690 ## - LOCAL SUBJECT ADDED ENTRY--TOPICAL TERM (OCLC, RLIN) | |
| Topical term or geographic name as entry element | Commercial property |
| 9 (RLIN) | 6227 |
| 856 40 - ELECTRONIC LOCATION AND ACCESS | |
| Uniform Resource Identifier | <a href="https://www.joneslanglasalle.co.nz/NewZealand/EN-NZ/Pages/ResearchFilter.aspx">https://www.joneslanglasalle.co.nz/NewZealand/EN-NZ/Pages/ResearchFilter.aspx</a> |
| Public note | View the report at www.joneslanglasalle.co.nz |
| 942 ## - ADDED ENTRY ELEMENTS (KOHA) | |
| Suppress in OPAC | 0 |
| Withdrawn status | Lost status | Source of classification or shelving scheme | Damaged status | Not for loan | Home library | Current library | Shelving location | Date acquired | Total Checkouts | Full call number | Barcode | Date last seen | Copy number | Price effective from | Koha item type |
|---|---|---|---|---|---|---|---|---|---|---|---|---|---|---|---|
| Dewey Decimal Classification | Virtual | Virtual | Online | 02/04/2012 | ONLINE PUBLICATION | 155670-2001 | 06/08/2019 | 1 | 06/08/2019 | Book |